Statistics for 史记篇目

Click here to take the quiz!

General Stats

  • This quiz has been taken 136 times
  • The average score is 19 of 130

Answer Stats

HintAnswer% Correct
本纪项羽本纪
83%
本纪秦本纪
80%
本纪周本纪
75%
本纪夏本纪
74%
本纪高祖本纪
72%
本纪殷本纪
66%
世家陈涉世家
61%
本纪五帝本纪
56%
世家韩世家
54%
世家魏世家
50%
世家赵世家
49%
世家楚世家
48%
世家孔子世家
46%
本纪吕太后本纪
46%
列传刺客列传
43%
本纪秦始皇本纪
40%
本纪孝武本纪
38%
本纪孝文本纪
36%
本纪孝景本纪
35%
世家晋世家
33%
列传滑稽列传
31%
列传货殖列传
29%
列传廉颇蔺相如列传
29%
列传淮阴侯列传
26%
世家留侯世家
21%
列传匈奴列传
19%
列传张仪列传
17%
列传李斯列传
17%
列传李将军列传
17%
列传屈原贾生列传
16%
世家齐太公世家
16%
列传苏秦列传
16%
世家郑世家
16%
列传吕不韦列传
15%
世家萧相国世家
14%
世家吴太伯世家
13%
列传乐毅列传
11%
列传孙子吴起列传
11%
世家越王勾践世家
11%
列传朝鲜列传
10%
世家绛侯周勃世家
10%
列传司马相如列传
9%
列传白起王翦列传
9%
列传仲尼弟子列传
9%
列传商君列传
9%
列传田单列传
9%
列传伍子胥列传
9%
平准书
9%
列传太史公自序
9%
世家燕召公世家
9%
列传伯夷列传
8%
列传南越列传
8%
天官书
8%
六国年表
8%
封禅书
8%
列传蒙恬列传
8%
世家鲁周公世家
8%
列传游侠列传
8%
列传佞幸列传
8%
世家宋微子世家
8%
世家曹相国世家
8%
礼书
7%
乐书
7%
列传春申君列传
7%
列传西南夷列传
7%
列传酷吏列传
7%
列传老子韩非列传
7%
世家陈丞相世家
6%
列传魏公子列传
6%
列传魏其武安侯列传
6%
世家陈杞世家
6%
律书
6%
列传卫将军骠骑列传
6%
三代世表
6%
列传管晏列传
6%
世家外戚世家
6%
世家管蔡世家
6%
列传孟尝君列传
6%
列传大宛列传
6%
十二诸侯年表
6%
列传司马穰苴列传
6%
秦楚之际月表
5%
列传日者列传
5%
列传循吏列传
5%
列传张丞相列传
5%
列传东越列传
5%
世家田敬仲完世家
5%
世家楚元王世家
5%
历书
5%
世家卫康叔世家
5%
列传吴王濞列传
4%
列传汲郑列传
4%
列传扁鹊仓公列传
4%
列传穰侯列传
4%
河渠书
4%
世家三王世家
4%
世家梁孝王世家
4%
列传韩信卢绾列传
4%
建元已来王子侯者年表
3%
列传儒林列传
3%
世家五宗世家
3%
列传樗里子甘茂列传
3%
世家齐悼惠王世家
3%
汉兴以来诸侯王年表
3%
世家荆燕世家
3%
建元以来侯者年表
3%
高祖功臣侯者年表
3%
列传韩长孺列传
3%
汉兴以来将相名臣年表
3%
列传黥布列传
3%
惠景间侯者年表
3%
列传田儋列传
3%
列传樊郦滕灌列传
3%
列传张耳陈馀列传
3%
列传孟子荀卿列传
2%
列传张释之冯唐列传
2%
列传袁盎晁错列传
2%
列传淮南衡山列传
2%
列传鲁仲连邹阳列传
2%
列传刘敬叔孙通列传
2%
列传傅靳蒯成列传
2%
列传郦生陆贾列传
2%
列传平原君虞卿列传
2%
列传范雎蔡泽列传
2%
列传平津侯主父列传
2%
列传万石张叔列传
2%
列传田叔列传
2%
列传龟策列传
2%
列传魏豹彭越列传
2%
列传季布栾布列传
2%

Score Distribution

Percentile by Number Answered

Percent of People with Each Score

Your Score History

You have not taken this quiz